• 首页
  • 本馆介绍
  • 公告通知
  • 最新文献
  • 馆藏检索
  • 电子资源
  • 读者导购
  • 参考咨询
  • 我的图书馆
  • 登录
  • 详细信息显示
  • 放入我的书架
  • 预约/预借图书
  • 作者相关作品
  • 分类相关作品
  • 丛书相关作品
  • 出版社相关作品

书目信息

  • 表格格式
  • 工作单格式
  • 卡片格式
题名:
教学档案的管理与信息化建设
    
 
作者: 梁建梅 , 陈少慧 编著
分册:  
出版信息: 北京   中国书籍出版社  2013.1
页数: 234页
开本: 24cm
丛书名:
单 册:
中图分类: G275.9
科图分类:
主题词: 教学管理--档案管理--信息化--建设
电子资源:
ISBN: 978-7-5068-2960-1
000 01032nam0 2200253 45
001 1360528952
005 20130603084609.62
010    @a978-7-5068-2960-1@dCNY45.00
100    @a20130513d2013 em y0chiy50 ea
101 0  @achi
102    @aCN@b110000
105    @ay z 000yy
106    @ar
200 1  @a教学档案的管理与信息化建设@AJiao Xue Dang An De Guan Li Yu Xin Xi Hua Jian She@f梁建梅,陈少慧编著@FLiang Jian Mei, Chen Shao Hui Bian Zhu
210    @a北京@c中国书籍出版社@d2013.1
215    @a234页@d24cm
300    @a中国书籍文库
330    @a本书全面系统地介绍了教学档案的综合管理过程,分为三个部分。第一部分是教学档案的概念、特点、作用,第二部分是教学档案的收集、整理、鉴定、保管、统计、开发利用,第三部分是教学档案的信息化管理,全书立足于教学档案管理实践工作,通俗易懂,可操作性强。
606 0  @a教学管理@x档案管理@x信息化@x建设
690    @aG275.9@v5
701  0 @a梁建梅@ALiang Jian Mei@4编著
701  0 @a陈少慧@AChen Shao Hui@4编著
801    @aCN@bTANGWEI@c20130522
905    @b0834768-73@dG275.9@e72@f6
    
    教学档案的管理与信息化建设/梁建梅,陈少慧编著.-北京:中国书籍出版社,2013.1
    234页;24cm
    中国书籍文库
    
    ISBN 978-7-5068-2960-1:CNY45.00
    本书全面系统地介绍了教学档案的综合管理过程,分为三个部分。第一部分是教学档案的概念、特点、作用,第二部分是教学档案的收集、整理、鉴定、保管、统计、开发利用,第三部分是教学档案的信息化管理,全书立足于教学档案管理实践工作,通俗易懂,可操作性强。
●
相关链接 在E读中查询图书 在五车中查询图书 在当当中查询图书 在豆瓣中查询图书


正题名:教学档案的管理与信息化建设     索取号:G275.9/72         预约/预借

序号 登录号 条形码 馆藏地/架位号 状态 备注
1 0834768   208347680   第一样本阅览室/ [索取号:G275.9/72] 在馆    
2 0834769   208347699   第四借阅区/ [索取号:G275.9/72] 在馆    
3 0834770   208347706   第四借阅区/ [索取号:G275.9/72] 在馆    
4 0834771   208347715   第四借阅区/ [索取号:G275.9/72] 在馆    
5 0834772   208347724   第四借阅区/ [索取号:G275.9/72] 在馆    
6 0834773   208347733   第四借阅区/ [索取号:G275.9/72] 在馆    
唐山师范学院图书馆 欢迎您!
大连网信软件有限公司© 版权所有